|
|
|
|
| LEADER |
00000nab a2200000 a 4500 |
| 001 |
vtls000697658 |
| 003 |
SK-MaSNL |
| 005 |
20260304205105.0 |
| 008 |
140303c1999 xo 0 slo |
| 015 |
|
|
|a SNBRB1999/06-15672
|
| 035 |
|
|
|a CLN000049825
|
| 040 |
|
|
|a SNKBUCL
|b slo
|c SNKBUCL
|e AACR2
|
| 041 |
0 |
|
|a slo
|
| 044 |
|
|
|a xo
|c SK
|
| 080 |
|
|
|a 616.633:616.379-008.64
|2 1997
|
| 080 |
|
|
|a 616.379-008.64
|2 1997
|
| 100 |
1 |
|
|a Vozár, Juraj,
|d 1946-2014
|4 aut
|9 27878
|
| 245 |
1 |
0 |
|a Epidemiológia proteinúrie u diabetikov 2. typu
|c J. Vozár, P. Waszcuk, H.P. Egyenes
|
| 650 |
0 |
7 |
|a proteinúria
|2 snkbucl
|9 16777
|
| 650 |
0 |
7 |
|a diabetes mellitus
|2 snkbucl
|9 72741
|
| 655 |
|
7 |
|a články z novín a časopisov
|2 snkbucl
|9 267496
|
| 700 |
1 |
|
|a Waszczuk, P.
|4 aut
|9 1502881
|
| 700 |
1 |
|
|a Egyenes, H.P.
|4 aut
|9 1539035
|
| 773 |
0 |
|
|t Zdravotnícke noviny
|g Roč. 4, č. 21 (1999)
|
| 773 |
0 |
|
|t [Príl.] IX. diabetologické dni
|g s. 5
|
| 850 |
|
|
|a Slovenská národná knižnica v Martine
|
| 852 |
|
|
|a SNK
|b KIS3GCP
|
| 992 |
|
|
|a RBX
|
| 999 |
|
|
|c 3119225
|d 3121155
|